Written in bones : how human remains unlock the secrets of the dead /

محفوظ في:

مؤلفون آخرون: Bahn, Paul G.

التنسيق: كتاب

اللغة: English

منشور في: Toronto : Firefly Books, 2003.

الموضوعات:

الوسوم: إضافة وسم

لا توجد وسوم, كن أول من يضع وسما على هذه التسجيلة!

رقم الطلب: CC79.5 .H95 W75 2003

LEADER 00791namaa2200241 4500
003 OSt
005 20251028083259.0
008 130303s2003 oncab b 001 0 eng d
020 |a 1552976599 
040 |c ARCE Library 
050 4 |a CC79.5 .H95 W75 2003 
245 0 0 |a Written in bones :  |b how human remains unlock the secrets of the dead /  |c Consultant editor, Paul G. Bahn. 
264 1 |a Toronto :  |b Firefly Books,  |c 2003. 
300 |a 192 pages :  |b illustrations (chiefly col), maps ;  |c 26 cm. 
500 |a Maps on lining pages 
504 |a Includes bibliographical references (pages 188-191) and index. 
650 0 |a Human remains (Archaeology) 
650 0 |a Burial  |x History. 
650 0 |a Tombs  |x History. 
700 1 |a Bahn, Paul G. 
901 |a reviewed 
942 |c BK  |2 lcc 
999 |c 8888  |d 8888